000 00490cam a2200181ua 4500
001 3014
008 110921n ii |||gr||||Z||||||asm
040 _cMAIN
082 _a920
100 1 _aBezbarua, Lakshminath,
_eAuthor.
245 1 1 _aLakshminath Bezbarua
_cby Lakshminath Bezbarua
250 _a4th.
260 _aGuahati:
_bPublication board assam,
_c2007.
300 _axviii; 320p:
_c23cm.
653 _aAutobiography
653 _aAutobiography of Lakshminath Bezbarua
942 _cBK
999 _c2862
_d2862